|
|
|
|
| LEADER |
01972cas a2200265 a 4500 |
| 001 |
AALejournalIMF018448 |
| 008 |
230101c9999 xx r poo 0 0eng d |
| 020 |
|
|
|c 5.00 USD
|
| 020 |
|
|
|z 9781484354827
|
| 022 |
|
|
|a 1018-5941
|
| 040 |
|
|
|a BD-DhAAL
|c BD-DhAAL
|
| 100 |
1 |
|
|a Lanau, Sergi.
|
| 245 |
1 |
0 |
|a Explaining Inflation in Colombia :
|b A Disaggregated Phillips Curve Approach /
|c Sergi Lanau, Adrian Robles, Frederik Toscani.
|
| 264 |
|
1 |
|a Washington, D.C. :
|b International Monetary Fund,
|c 2018.
|
| 300 |
|
|
|a 1 online resource (29 pages)
|
| 490 |
1 |
|
|a IMF Working Papers
|
| 500 |
|
|
|a <strong>Off-Campus Access:</strong> No User ID or Password Required
|
| 500 |
|
|
|a <strong>On-Campus Access:</strong> No User ID or Password Required
|
| 506 |
|
|
|a Electronic access restricted to authorized BRAC University faculty, staff and students
|
| 520 |
3 |
|
|a We study inflation dynamics in Colombia using a bottom-up Phillips curve approach. This allows us to capture the different drivers of individual inflation components. We find that the Phillips curve is relatively flat in Colombia but steeper than recent estimates for the U.S. Supply side shocks play an important role for tradable and food prices, while indexation dynamics are important for non-tradable goods. We show that besides allowing for a more detailed understanding of inflation drivers, the bottom-up approach also improves on an aggregate Phillips curve in terms of forecasting ability. In the baseline forecast scenario, both headline and core inflation converge towards the Central Bank's inflation target of 3 percent by end-2018 but these favorable inflation dynamics are vulnerable to large supply shocks.
|
| 538 |
|
|
|a Mode of access: Internet
|
| 700 |
1 |
|
|a Robles, Adrian.
|
| 700 |
1 |
|
|a Toscani, Frederik.
|
| 830 |
|
0 |
|a IMF Working Papers; Working Paper ;
|v No. 2018/106
|
| 856 |
4 |
0 |
|z Full text available on IMF
|u http://elibrary.imf.org/view/journals/001/2018/106/001.2018.issue-106-en.xml
|z IMF e-Library
|